[Event "IRI-ch Online"]
[Site "Chess.com INT"]
[Date "2021.03.18"]
[Round "11"]
[White "Khalili, Asef"]
[Black "Nikzad, Nami"]
[Result "1-0"]
[WhiteElo "1873"]
[BlackElo "1843"]
[PlyCount "151"]
[EventDate "2021.03.15"]
[EventType "swiss (rapid)"]
[EventRounds "11"]
[EventCountry "IRI"]
[SourceTitle "CBM 201 Extra"]
[Source "ChessBase"]
[SourceDate "2021.05.31"]
[SourceVersion "1"]
[SourceVersionDate "2021.05.31"]
[SourceQuality "1"]

1. e4 d6 2. d4 Nd7 3. Nf3 g6 4. Bc4 e6 5. 0-0 Bg7 6. Nc3 Ne7 7. Re1 0-0 8. Bg5 h6 9. Be3 a6 10. a4 b6 11. Qd2 Kh7 12. h4 Bb7 13. h5 gxh5 14. Bd3 e5 15. dxe5 Nxe5 16. Nxe5 dxe5 17. Qe2 Qd6 18. Qxh5 Qg6 19. Qxg6+ fxg6 20. Rad1 Rad8 21. Bc4 g5 22. Nd5 Nxd5 23. exd5 Rd6 24. Bd3+ Kh8 25. Be4 Bc8 26. c4 Rfd8 27. b4 Bf8 28. c5 bxc5 29. bxc5 Rf6 30. Rb1 Bd7 31. Rb7 Bxa4 32. Rxc7 Bb3 33. Rb1 Bxd5 34. Rd1 Bxe4 35. Rxd8 Kg8 36. c6 Bxc6 37. Bc5 Bb5 38. Rcc8 Kg7 39. Rxf8 Re6 40. Rg8+ Kh7 41. Rh8+ Kg6 42. Rcg8+ Kh5 43. f3 Bd3 44. Bf8 e4 45. g4+ Kh4 46. Rxh6+ Rxh6 47. Bxh6 exf3 48. Bxg5+ Kxg4 49. Be3+ Kf5 50. Rf8+ Ke4 51. Kf2 Bb5 52. Rxf3 a5 53. Rf4+ Kd3 54. Rf5 Kc4 55. Ke1 a4 56. Kd2 a3 57. Rc5+ Kb4 58. Rc1 Kb3 59. Bd4 Bd7 60. Rc3+ Ka4 61. Bc5 a2 62. Ra3+ Kb5 63. Bd4 Be6 64. Ba1 Kb4 65. Re3 Bd5 66. Kd3 Bb3 67. Kd4 Bc2 68. Re8 Ba4 69. Rb8+ Bb5 70. Bc3+ Ka4 71. Kc5 Bd3 72. Ba1 Bb1 73. Bc3 Ka3 74. Kc4 Bc2 75. Bb2+ Ka4 76. Ra8# 1-0

[Event "IRI-ch Online"]
[Site "Chess.com INT"]
[Date "2021.03.18"]
[Round "10"]
[White "Nikzad, Nami"]
[Black "Samimi, Armin"]
[Result "1-0"]
[WhiteElo "1843"]
[BlackElo "1517"]
[PlyCount "69"]
[EventDate "2021.03.15"]
[EventType "swiss (rapid)"]
[EventRounds "11"]
[EventCountry "IRI"]
[SourceTitle "CBM 201 Extra"]
[Source "ChessBase"]
[SourceDate "2021.05.31"]
[SourceVersion "1"]
[SourceVersionDate "2021.05.31"]
[SourceQuality "1"]

1. e4 c5 2. Ne2 Nc6 3. g3 g6 4. Bg2 Bg7 5. Kf1 e6 6. c3 Nge7 7. h3 0-0 8. Kg1 d5 9. Kh2 dxe4 10. Bxe4 e5 11. Rf1 f5 12. Bg2 Be6 13. d3 c4 14. dxc4 Bxc4 15. Qc2 Bd3 16. Qb3+ Kh8 17. Rd1 Qd7 18. Bg5 e4 19. Nf4 Na5 20. Qe6 Qxe6 21. Nxe6 Nec6 22. Nxf8 Rxf8 23. Bf1 Ne5 24. Bf4 Nf3+ 25. Kg2 Bxf1+ 26. Kxf1 Nc4 27. b3 Nb2 28. Rd7 b5 29. Nd2 Bxc3 30. Nxf3 exf3 31. Rc1 Bb4 32. Be5+ Kg8 33. Rg7+ Kh8 34. Rxg6+ Rf6 35. Bxf6# 1-0

[Event "IRI-ch Online"]
[Site "Chess.com INT"]
[Date "2021.03.17"]
[Round "8"]
[White "Nikzad, Nami"]
[Black "Ramshini, Hamed"]
[Result "1-0"]
[WhiteElo "1843"]
[BlackElo "1495"]
[PlyCount "91"]
[EventDate "2021.03.15"]
[EventType "swiss (rapid)"]
[EventRounds "11"]
[EventCountry "IRI"]
[SourceTitle "CBM 201 Extra"]
[Source "ChessBase"]
[SourceDate "2021.05.31"]
[SourceVersion "1"]
[SourceVersionDate "2021.05.31"]
[SourceQuality "1"]

1. e4 e5 2. Nf3 Nf6 3. Nxe5 d6 4. Nf3 Nxe4 5. Nc3 Nxc3 6. dxc3 Be7 7. Be3 Nc6 8. Qd2 Be6 9. 0-0-0 Qd7 10. Kb1 0-0-0 11. Bb5 a6 12. Ba4 b5 13. Bb3 Bxb3 14. cxb3 Qf5+ 15. Ka1 Bf6 16. Nd4 Bxd4 17. cxd4 Qd5 18. Rc1 Kb7 19. Rc3 Rd7 20. Rhc1 Ne7 21. Qc2 c6 22. f3 g6 23. Bf2 Rc8 24. g4 f5 25. Bh4 fxg4 26. fxg4 g5 27. Bf2 Ng6 28. Be3 Nf4 29. h4 h6 30. Bxf4 gxf4 31. Qd2 Rf7 32. Rf1 f3 33. Qxh6 Qxd4 34. Qg6 Rg7 35. Qf5 Qxg4 36. Qf6 Qg2 37. Rcxf3 Re8 38. a3 Re2 39. h5 Rge7 40. Qxd6 Re1+ 41. Ka2 Qc2 42. Rxe1 Rxe1 43. Rf7+ Kb6 44. Qd4+ Qc5 45. Rb7+ Kxb7 46. Qxc5 1-0

[Event "IRI-ch Online"]
[Site "Chess.com INT"]
[Date "2021.03.16"]
[Round "4"]
[White "Delavari, Behnood"]
[Black "Nikzad, Nami"]
[Result "0-1"]
[WhiteElo "1338"]
[BlackElo "1843"]
[PlyCount "62"]
[EventDate "2021.03.15"]
[EventType "swiss (rapid)"]
[EventRounds "11"]
[EventCountry "IRI"]
[SourceTitle "CBM 201 Extra"]
[Source "ChessBase"]
[SourceDate "2021.05.31"]
[SourceVersion "1"]
[SourceVersionDate "2021.05.31"]
[SourceQuality "1"]

1. e4 d6 2. d4 Nd7 3. Nc3 e5 4. d5 g6 5. Be3 Bg7 6. Qd2 h6 7. f3 Ne7 8. Be2 a5 9. a4 f5 10. Nh3 f4 11. Bf2 0-0 12. g3 Nf6 13. Bf1 g5 14. Rg1 Ng6 15. gxf4 exf4 16. Bd4 Nd7 17. Nf2 Bxd4 18. Qxd4 Nde5 19. Be2 Nh4 20. Qd1 h5 21. Nd3 Nc4 22. Nxf4 Rxf4 23. Bxc4 Nxf3+ 24. Ke2 Nxg1+ 25. Qxg1 Bg4+ 26. Kd2 Qf6 27. Be2 Rf2 28. Re1 Qf4+ 29. Kd1 Qe3 30. e5 Rxe2 31. Nxe2 Bxe2+ 0-1

[Event "IRI-ch Online"]
[Site "Chess.com INT"]
[Date "2021.03.16"]
[Round "3"]
[White "Rahbari, Nima"]
[Black "Nikzad, Nami"]
[Result "1/2-1/2"]
[WhiteElo "1296"]
[BlackElo "1843"]
[PlyCount "112"]
[EventDate "2021.03.15"]
[EventType "swiss (rapid)"]
[EventRounds "11"]
[EventCountry "IRI"]
[SourceTitle "CBM 201 Extra"]
[Source "ChessBase"]
[SourceDate "2021.05.31"]
[SourceVersion "1"]
[SourceVersionDate "2021.05.31"]
[SourceQuality "1"]

1. e4 d6 2. Nf3 Nf6 3. Nc3 Nbd7 4. Bc4 e6 5. 0-0 Ne5 6. Nxe5 dxe5 7. d3 a6 8. a3 Bc5 9. Be3 Qe7 10. Ne2 Bxe3 11. fxe3 b5 12. Ba2 Qc5 13. d4 Qd6 14. Nc3 Bb7 15. d5 Qb6 16. Qf3 0-0-0 17. Qh3 Kb8 18. Rad1 h5 19. Rfe1 exd5 20. Nxd5 Nxd5 21. exd5 Bc8 22. Qg3 e4 23. c4 Qf6 24. cxb5 axb5 25. Rd4 h4 26. Qf2 Qxf2+ 27. Kxf2 f5 28. Rb4 Ba6 29. a4 Ka7 30. axb5 Bb7 31. Rd1 Kb6 32. Ke2 g5 33. Rbd4 Kxb5 34. d6 cxd6 35. Rxd6 Rxd6 36. Rxd6 Kc5 37. Rf6 Rd8 38. Rxf5+ Kb4 39. Rxg5 Ba6+ 40. Ke1 Rd3 41. Rg8 Rxe3+ 42. Kd1 Re2 43. Rb8+ Kc5 44. b4+ Kd4 45. b5 Rxa2 46. bxa6 Rxa6 47. Rd8+ Ke3 48. Rh8 Kf2 49. Rxh4 e3 50. Rf4+ Kxg2 51. Ke2 Re6 52. Rh4 Rf6 53. Kxe3 Rf3+ 54. Ke4 Rh3 55. Rxh3 Kxh3 56. Kf4 Kxh2 1/2-1/2